|
|
|
|
| LEADER |
01189cas a2200253 a 4500 |
| 001 |
AALejournalIMF018985 |
| 008 |
230101c9999 xx r poo 0 0eng d |
| 020 |
|
|
|c 5.00 USD
|
| 020 |
|
|
|z 9781484392607
|
| 022 |
|
|
|a 2075-8669
|
| 040 |
|
|
|a BD-DhAAL
|c BD-DhAAL
|
| 100 |
1 |
|
|a Fainboim Yaker, Israel.
|
| 245 |
1 |
4 |
|a The Macrofiscal Function and its Organizational Arrangements /
|c Israel Fainboim Yaker, Ian Lienert.
|
| 264 |
|
1 |
|a Washington, D.C. :
|b International Monetary Fund,
|c 2018.
|
| 300 |
|
|
|a 1 online resource (40 pages)
|
| 490 |
1 |
|
|a Technical Notes and Manuals
|
| 500 |
|
|
|a <strong>Off-Campus Access:</strong> No User ID or Password Required
|
| 500 |
|
|
|a <strong>On-Campus Access:</strong> No User ID or Password Required
|
| 506 |
|
|
|a Electronic access restricted to authorized BRAC University faculty, staff and students
|
| 520 |
3 |
|
|a The Macrofiscal Function and its Organizational Arrangements.
|
| 538 |
|
|
|a Mode of access: Internet
|
| 700 |
1 |
|
|a Lienert, Ian.
|
| 830 |
|
0 |
|a Technical Notes and Manuals; Technical Notes and Manuals ;
|v No. 2018/004
|
| 856 |
4 |
0 |
|z Full text available on IMF
|u http://elibrary.imf.org/view/journals/005/2018/004/005.2018.issue-004-en.xml
|z IMF e-Library
|